000 00330 a2200133 4500
999 _c324862
_d324862
001 89789
003 NUST
082 _a923.20954 MAR
100 _aMarino Andy
_99830
245 _aNarendra Modi
_bA Political Biography
260 _aIndia
_bHarper Collins
_c2014
300 _axx, 310p.
500 _aGeneral Books
942 _aCAE NUST
_cBK
_k923.20954 MAR
_2ddc